Fr. Conceicao Rodrigues College of Engineering

Mechanical estimating and costing (Record no. 23129)

MARC details
000 -LEADER
fixed length control field 00298nam a2200133Ia 4500
082 ## - DEWEY DECIMAL CLASSIFICATION NUMBER
Classification number 620.0024
Item number TTT
100 ## - MAIN ENTRY--PERSONAL NAME
Personal name TTTI
245 ## - TITLE STATEMENT
Title Mechanical estimating and costing
260 ## - PUBLICATION, DISTRIBUTION, ETC.
Name of publisher, distributor, etc. Tata Mc Graw hill
Place of publication, distribution, etc. New Delhi
Date of publication, distribution, etc. 1987
300 ## - PHYSICAL DESCRIPTION
Extent 160
546 ## - LANGUAGE NOTE
Language note ENGLISH
654 ## - SUBJECT ADDED ENTRY--FACETED TOPICAL TERMS
Focus term mechanical
942 ## - ADDED ENTRY ELEMENTS (KOHA)
Koha item type BOOK
Holdings
Withdrawn status Lost status Damaged status Not for loan Collection Home library Current library Date acquired Cost, normal purchase price Total Checkouts Full call number Barcode Date last seen Cost, replacement price Price effective from Koha item type
        CRC Fr. Agnel's C.Rodrigues College of Engineering Fr. Agnel's C.Rodrigues College of Engineering 17/03/2023 22.50   620.0024 TTT 1617 17/03/2023 22.50 17/03/2023 BOOK
        CRC Fr. Agnel's C.Rodrigues College of Engineering Fr. Agnel's C.Rodrigues College of Engineering 17/03/2023 22.50   620.0024 TTT 1618 17/03/2023 22.50 17/03/2023 BOOK
        CRC Fr. Agnel's C.Rodrigues College of Engineering Fr. Agnel's C.Rodrigues College of Engineering 17/03/2023 22.50   620.0024 TTT 1619 17/03/2023 22.50 17/03/2023 BOOK
        CRC Fr. Agnel's C.Rodrigues College of Engineering Fr. Agnel's C.Rodrigues College of Engineering 17/03/2023 22.50   620.0024 TTT 1620 17/03/2023 22.50 17/03/2023 BOOK
        CRC Fr. Agnel's C.Rodrigues College of Engineering Fr. Agnel's C.Rodrigues College of Engineering 17/03/2023 22.50   620.0024 TTT 1621 17/03/2023 22.50 17/03/2023 BOOK